000 00813nam a2200253Ia 4500
003 OSt
005 20220923222044.0
006 a|||||r|||| 00| 0
007 ta
008 220922b |||||||| |||| 00| 0 hin d
024 _a202,756
037 _cTextual
040 _aARTS
_cARTS
_bhin
041 _2hin
_ahin
082 _aO157,3M76w, 152L4;M1
100 _aप्रभाकर, विष्णु
245 0 _aआवारा मसीहा
246 _aĀvārā masīhā
260 _aदिल्ली
_b राजपाल एण्ड सन्स
_c1981
300 _a427पृ.
_ccm.
650 _aबंगाली साहित्य
_9156264
942 _hO157,3M76w, 152L4;M1
_cTEXL
_2CC
999 _c353580
_d353580